00788nam a22002057a 4500003000900000008004100009040007100050082001700121100002100138245006400159260002500223300002800248440004200276505015400318650002600472650002200498650002200520700002200542700001800564AR-CdUCM190305b ||||| |||| 00| 0 spa d aMUNICIPALIDAD PROVINCIAL DEL CUSCOcBIBLIOTECA MUNICIPAL DEL CUSCO a338.4 /bA31 aAguilar , Victor aTurismo y desarrollo :bposibilidades en la región inka / aCusco :bCBC,c1992. a108 páginas ;c22 cm. aEstudios y debates regionales andinos aEvaluación de la actividad turística en la región -- Propuesta de políticas y perspectivas para el sector turismo -- Programas y proyectos... aDesarrollo turistico. aTurismo en cusco. aOferta turistica. aHinojosa, Leonith aMilla, Carlos